[Event "Reykjavik op"]
[Site "Reykjavik"]
[Date "2024.03.19"]
[Round "7"]
[White "Xu, Yuanyuan"]
[Black "Niebler, Paul"]
[Result "1-0"]
[WhiteElo "2288"]
[BlackElo "1955"]
[PlyCount "47"]
[EventDate "2024.03.15"]
[EventType "swiss"]
[EventRounds "9"]
[EventCountry "ISL"]
[SourceTitle "CB13_2024"]
[SourceDate "2024.03.27"]
[SourceVersion "1"]
[SourceVersionDate "2024.03.27"]
[SourceQuality "1"]

1. d4 d5 2. c4 e6 3. Nc3 c6 4. cxd5 exd5 5. Qc2 Nf6 6. Bg5 Be7 7. e3 0-0 8. Bd3 h6 9. Bh4 Re8 10. Nge2 Ne4 11. Bxe7 Qxe7 12. Bxe4 dxe4 13. Ng3 f5 14. 0-0 Be6 15. f3 Qg5 16. Rae1 Bc4 17. Ncxe4 fxe4 18. Qxc4+ Qd5 19. Qxd5+ cxd5 20. fxe4 dxe4 21. Rf4 Nd7 22. Rxe4 Rxe4 23. Nxe4 Rc8 24. Nc3 1-0

[Event "Reykjavik op"]
[Site "Reykjavik"]
[Date "2024.03.18"]
[Round "5"]
[White "Unzicker, Ferdinand"]
[Black "Niebler, Paul"]
[Result "1-0"]
[WhiteElo "2284"]
[BlackElo "1955"]
[PlyCount "77"]
[EventDate "2024.03.15"]
[EventType "swiss"]
[EventRounds "9"]
[EventCountry "ISL"]
[SourceTitle "CB13_2024"]
[SourceDate "2024.03.27"]
[SourceVersion "1"]
[SourceVersionDate "2024.03.27"]
[SourceQuality "1"]

1. c4 e6 2. Nc3 d5 3. d4 c6 4. g3 Nf6 5. Bg2 dxc4 6. Nf3 b5 7. Ne5 a6 8. 0-0 Bb7 9. b3 b4 10. Ne4 Nxe4 11. Bxe4 c3 12. Qd3 f5 13. Bg2 Be7 14. a3 a5 15. axb4 axb4 16. Rxa8 Bxa8 17. Qc4 Qc8 18. Nd3 Na6 19. Be3 0-0 20. Ra1 Bb7 21. Ra5 Bd6 22. Bf4 Bxf4 23. Nxf4 Nc7 24. Qxb4 Nb5 25. Qc4 Kh8 26. Ra2 Re8 27. Nd3 Qd7 28. e3 Ra8 29. Ra4 Qc8 30. Nc5 Ba6 31. Bf1 h6 32. Ra1 Kh7 33. Rc1 Qc7 34. Qxe6 Bc8 35. Qe8 Ra2 36. Bc4 Nd6 37. Bg8+ Kh8 38. Qf8 g6 39. Bf7+ 1-0

[Event "Heusenstamm Sparkassen op-A 7th"]
[Site "Heusenstamm"]
[Date "2021.11.21"]
[Round "7.32"]
[White "Spilles, Matthias"]
[Black "Niebler, Paul"]
[Result "1/2-1/2"]
[WhiteElo "2088"]
[BlackElo "1956"]
[PlyCount "83"]
[EventDate "2021.11.18"]
[EventType "swiss"]
[EventRounds "7"]
[EventCountry "GER"]
[SourceTitle "EXT 2023"]
[Source "ChessBase"]
[SourceDate "2022.10.05"]
[SourceVersion "1"]
[SourceVersionDate "2022.10.05"]
[SourceQuality "1"]

1. e4 c5 2. Nf3 e6 3. g3 Nc6 4. Bg2 Nf6 5. Qe2 e5 6. c3 Be7 7. 0-0 0-0 8. d3 Re8 9. Bg5 d5 10. Bxf6 Bxf6 11. Nbd2 d4 12. c4 Qb6 13. Rfb1 a5 14. h4 Bg4 15. Kh2 Nb4 16. a3 Nc6 17. Bh3 Bxh3 18. Kxh3 g6 19. a4 Bg7 20. g4 Nb4 21. Rh1 Qe6 22. Kg3 f5 23. gxf5 gxf5 24. Rag1 Bh6 25. Kh2+ Kh8 26. Ng5 Qf6 27. exf5 Qxf5 28. Nde4 Rg8 29. Rg3 Bxg5 30. Nxg5 Raf8 31. Rhg1 Qf4 32. Qe4 Rg6 33. Qxb7 Rxg5 34. hxg5 Nxd3 35. g6 Qh4+ 36. Rh3 Rxf2+ 37. Rg2 Qf4+ 38. Rhg3 hxg6 39. Qc8+ Kg7 40. Qd7+ Kh6 41. Qh3+ Kg7 42. Qd7+ 1/2-1/2

[Event "Heusenstamm Sparkassen op-A 7th"]
[Site "Heusenstamm"]
[Date "2021.11.20"]
[Round "5.31"]
[White "Sever, Mustafa Batuhan"]
[Black "Niebler, Paul"]
[Result "1-0"]
[WhiteElo "2089"]
[BlackElo "1956"]
[PlyCount "53"]
[EventDate "2021.11.18"]
[EventType "swiss"]
[EventRounds "7"]
[EventCountry "GER"]
[SourceTitle "EXT 2023"]
[Source "ChessBase"]
[SourceDate "2022.10.05"]
[SourceVersion "1"]
[SourceVersionDate "2022.10.05"]
[SourceQuality "1"]

1. e4 c5 2. Nf3 e6 3. d4 cxd4 4. Nxd4 a6 5. c4 Nf6 6. Nc3 Qc7 7. Be3 b6 8. Bd3 Bb7 9. 0-0 Be7 10. Rc1 d6 11. f4 Nbd7 12. Qf3 Rd8 13. Rfe1 Qb8 14. Bf2 Qa8 15. Qh3 Nc5 16. Bb1 Ncxe4 17. Nxe4 Nxe4 18. Bxe4 Bxe4 19. Nxe6 Rc8 20. Nxg7+ Kf8 21. Qh6 Rg8 22. Bd4 Qc6 23. Rc3 d5 24. cxd5 Qxh6 25. Rxc8+ Bd8 26. Rxd8+ Ke7 27. Rxg8 1-0

[Event "Nuremberg Zabo op 14th"]
[Site "Nuremberg"]
[Date "2012.09.16"]
[Round "5"]
[White "Seeger, Peter"]
[Black "Niebler, Paul"]
[Result "1/2-1/2"]
[WhiteElo "2030"]
[BlackElo "1906"]
[PlyCount "41"]
[EventDate "2012.09.14"]
[EventType "swiss"]
[EventRounds "5"]
[EventCountry "GER"]
[SourceTitle "EXT 2018"]
[Source "ChessBase"]
[SourceDate "2017.10.13"]
[SourceVersion "1"]
[SourceVersionDate "2017.10.13"]
[SourceQuality "1"]

1. d4 d5 2. c4 c6 3. Nc3 Nf6 4. e3 Bg4 5. Nf3 e6 6. Qb3 Qb6 7. Bd3 Nbd7 8. Bd2 Bd6 9. h3 Bh5 10. Qc2 dxc4 11. Bxc4 0-0 12. Nh4 e5 13. g4 Bg6 14. Nxg6 hxg6 15. dxe5 Nxe5 16. Be2 Qc5 17. f4 Ned7 18. 0-0-0 a5 19. Bf3 Nb6 20. Ne4 Nxe4 21. Bxe4 1/2-1/2

[Event "Nuremberg Zabo op 14th"]
[Site "Nuremberg"]
[Date "2012.09.14"]
[Round "1.29"]
[White "Roeckl, Adelbert"]
[Black "Niebler, Paul"]
[Result "0-1"]
[WhiteElo "1521"]
[BlackElo "1906"]
[PlyCount "114"]
[EventDate "2012.09.14"]
[EventType "swiss"]
[EventRounds "5"]
[EventCountry "GER"]
[SourceTitle "EXT 2022"]
[Source "ChessBase"]
[SourceDate "2021.10.06"]
[SourceVersion "1"]
[SourceVersionDate "2021.10.06"]
[SourceQuality "1"]

1. c4 c6 2. Nf3 Nf6 3. Nc3 d5 4. cxd5 cxd5 5. d4 Nc6 6. e3 a6 7. Be2 Bf5 8. 0-0 e6 9. a3 Bd6 10. Re1 0-0 11. Bd3 Bg4 12. Be2 b5 13. b4 Rc8 14. Bb2 Nd7 15. Rc1 Nb6 16. Nd2 Bf5 17. e4 dxe4 18. Ncxe4 Bb8 19. Nc5 Nxd4 20. Bxd4 Qxd4 21. Nxa6 Rxc1 22. Qxc1 Rc8 23. Nc5 Bf4 24. Nf3 Bxc1 25. Nxd4 Bxa3 26. Nxf5 exf5 27. Na6 Nc4 28. Bf3 g6 29. Bb7 Rd8 30. Bc6 Rd4 31. Bxb5 Nd6 32. Bf1 Bxb4 33. Nxb4 Rxb4 34. g3 f4 35. Rd1 Nf5 36. Bh3 Nd4 37. gxf4 Ne2+ 38. Kh1 Nxf4 39. Bf1 h5 40. h3 h4 41. Bg2 Kg7 42. Ba8 Nxh3 43. Kg2 Nf4+ 44. Kf3 Ne6 45. Rd7 Rf4+ 46. Ke3 h3 47. Bd5 Rf6 48. Ba8 g5 49. Rd1 g4 50. Rg1 Rg6 51. Rh1 Ng5 52. f4 Re6+ 53. Kd4 Nh7 54. f5 Re7 55. Rg1 Nf6 56. Bf3 Kh6 57. Bxg4 Re4+ 0-1

[Event "Seebach op 23rd"]
[Site "Grossenseebach"]
[Date "2012.06.09"]
[Round "5"]
[White "Braun, Kristin"]
[Black "Niebler, Paul"]
[Result "0-1"]
[WhiteElo "1486"]
[BlackElo "1890"]
[PlyCount "80"]
[EventDate "2012.06.07"]
[EventType "swiss"]
[EventRounds "7"]
[EventCountry "GER"]
[SourceTitle "EXT 2013"]
[Source "ChessBase"]
[SourceDate "2012.11.22"]
[SourceVersion "1"]
[SourceVersionDate "2012.11.22"]
[SourceQuality "1"]

1. Nf3 d5 2. g3 Nf6 3. Bg2 g6 4. d3 Bg7 5. 0-0 0-0 6. c4 c5 7. Bd2 d4 8. Qc1 Re8 9. a3 a5 10. Bh6 Bh8 11. Re1 Nc6 12. Nbd2 Qd6 13. Nb3 a4 14. Nbd2 e5 15. b3 Bf5 16. bxa4 Rxa4 17. Ng5 Ng4 18. Nge4 Qe7 19. Nb3 Bxe4 20. Bxe4 Nxh6 21. Qxh6 Bg7 22. Qc1 f5 23. Bd5+ Kh8 24. Bxc6 bxc6 25. e3 Qd6 26. exd4 cxd4 27. Re2 Rea8 28. Rea2 Bf8 29. c5 Qd5 30. Qc2 Rb8 31. Rb2 Rba8 32. Rba2 R4a7 33. h4 Rb8 34. Rb2 Rab7 35. Rab1 e4 36. dxe4 Qxe4 37. Qxe4 fxe4 38. Kf1 Bxc5 39. Ke1 Bxa3 40. Ra2 Rxb3 0-1

[Event "Seebach op 23rd"]
[Site "Grossenseebach"]
[Date "2012.06.09"]
[Round "6"]
[White "Niebler, Paul"]
[Black "Balhar, Michael"]
[Result "0-1"]
[WhiteElo "1890"]
[BlackElo "1709"]
[PlyCount "96"]
[EventDate "2012.06.07"]
[EventType "swiss"]
[EventRounds "7"]
[EventCountry "GER"]
[SourceTitle "EXT 2013"]
[Source "ChessBase"]
[SourceDate "2012.11.22"]
[SourceVersion "1"]
[SourceVersionDate "2012.11.22"]
[SourceQuality "1"]

1. e4 c5 2. Nf3 e6 3. d4 cxd4 4. Nxd4 a6 5. Bd3 Bc5 6. Nb3 Be7 7. 0-0 d6 8. Qg4 g6 9. f4 Nf6 10. Qg3 Nbd7 11. c4 b6 12. Nc3 Bb7 13. Be3 Qc7 14. a4 0-0 15. a5 Nc5 16. axb6 Qxb6 17. Nxc5 dxc5 18. e5 Nh5 19. Qf2 Rfd8 20. Be4 Bxe4 21. Nxe4 Rac8 22. g4 Ng7 23. Nf6+ Bxf6 24. exf6 Ne8 25. g5 h5 26. Qc2 Nd6 27. Ra3 Nf5 28. Rfa1 Qb4 29. Qc3 Nxe3 30. Qxb4 cxb4 31. Rxe3 Rxc4 32. Rxa6 Rxf4 33. Rb6 Rc4 34. Re2 Rg4+ 35. Kf1 Rxg5 36. Rxb4 Rf5+ 37. Rf2 Rdd5 38. Rbf4 Rxf4 39. Rxf4 Rf5 40. Rf2 Kh7 41. Kg2 Rb5 42. h4 Kh6 43. Rc2 g5 44. hxg5+ Kxg5 45. Rf2 e5 46. Kf1 h4 47. Ke1 h3 48. Kd1 Rb6 0-1

[Event "Seebach op 23rd"]
[Site "Grossenseebach"]
[Date "2012.06.08"]
[Round "4"]
[White "Van Ginkel, Ben"]
[Black "Niebler, Paul"]
[Result "0-1"]
[WhiteElo "1346"]
[BlackElo "1890"]
[PlyCount "94"]
[EventDate "2012.06.07"]
[EventType "swiss"]
[EventRounds "7"]
[EventCountry "GER"]
[SourceTitle "EXT 2013"]
[Source "ChessBase"]
[SourceDate "2012.11.22"]
[SourceVersion "1"]
[SourceVersionDate "2012.11.22"]
[SourceQuality "1"]

1. d4 d5 2. c4 c6 3. Nc3 Nf6 4. Bf4 dxc4 5. a4 Bf5 6. e3 e6 7. Bxc4 Nbd7 8. Nf3 h6 9. h3 Be7 10. 0-0 0-0 11. Bd3 Bxd3 12. Qxd3 Qa5 13. Rfc1 Rfd8 14. Qc2 Rac8 15. Bh2 c5 16. dxc5 Nxc5 17. Rd1 Nce4 18. Rxd8+ Qxd8 19. Rd1 Qa5 20. Qb3 Nxc3 21. bxc3 b6 22. c4 Ne4 23. Be5 Nc5 24. Qb5 Qxa4 25. Qxa4 Nxa4 26. Rd7 Bf6 27. Rc7 Rxc7 28. Bxc7 Nb2 29. Bb8 a6 30. c5 bxc5 31. Bd6 c4 32. e4 c3 33. Ne1 Bd4 34. Nc2 e5 35. Kf1 f6 36. Ke2 Kf7 37. f4 g6 38. fxe5 Bxe5 39. Bc5 Ke6 40. Bb4 Kd7 41. g4 Kc6 42. Bf8 h5 43. gxh5 gxh5 44. Ba3 Kb5 45. Be7 Kc4 46. Ke3 Kb3 47. Na1+ Ka2 0-1

[Event "Landesliga U20 Nord 1011"]
[Site "Bayern"]
[Date "2011.01.22"]
[Round "5.2"]
[White "Niebler, Paul"]
[Black "Giering, Goetz"]
[Result "1-0"]
[WhiteElo "1960"]
[BlackElo "1783"]
[PlyCount "45"]
[EventDate "2010.10.16"]
[EventType "team-tourn"]
[EventRounds "7"]
[EventCountry "GER"]
[SourceTitle "EXT 2022"]
[Source "ChessBase"]
[SourceDate "2021.10.06"]
[SourceVersion "1"]
[SourceVersionDate "2021.10.06"]
[SourceQuality "1"]
[WhiteTeam "Haunwoehr SV U20"]
[BlackTeam "Lauf SV U20"]
[WhiteTeamCountry "GER"]
[BlackTeamCountry "GER"]

1. e4 e6 2. d4 d5 3. Nc3 dxe4 4. Nxe4 Nf6 5. Bg5 Be7 6. Bxf6 Bxf6 7. Nf3 Bd7 8. c3 Bc6 9. Bd3 Nd7 10. Qc2 e5 11. 0-0-0 exd4 12. Nxf6+ Qxf6 13. Rhe1+ Kf8 14. Nxd4 Bd5 15. Be4 Qf4+ 16. Kb1 Nf6 17. Bxd5 Nxd5 18. g3 Qf6 19. Qe4 c6 20. c4 Nc7 21. Qf5 Qg6 22. Ka1 Rd8 23. Qe5 1-0

[Event "Landesliga U20 Nord 1011"]
[Site "Bayern"]
[Date "2010.10.16"]
[Round "1.2"]
[White "Blodig, Constantin"]
[Black "Niebler, Paul"]
[Result "0-1"]
[WhiteElo "1859"]
[BlackElo "1960"]
[PlyCount "104"]
[EventDate "2010.10.16"]
[EventType "team-tourn"]
[EventRounds "7"]
[EventCountry "GER"]
[SourceTitle "EXT 2022"]
[Source "ChessBase"]
[SourceDate "2021.10.06"]
[SourceVersion "1"]
[SourceVersionDate "2021.10.06"]
[SourceQuality "1"]
[WhiteTeam "Dietfurt U20"]
[BlackTeam "Haunwoehr SV U20"]
[WhiteTeamCountry "GER"]
[BlackTeamCountry "GER"]

1. b3 Nf6 2. Bb2 d5 3. f4 g6 4. Nf3 Bg7 5. e3 0-0 6. Be2 c5 7. 0-0 Nc6 8. Ne5 Bf5 9. d3 h5 10. h3 Qb6 11. c4 Rad8 12. Nd2 Qc7 13. Nxc6 Qxc6 14. cxd5 Nxd5 15. Bxg7 Kxg7 16. Nc4 Nc3 17. Ne5 Qa6 18. Qc2 Nxe2+ 19. Qxe2 Bxd3 20. Qb2 Bxf1 21. Nd7+ Kg8 22. Nxf8 Qe2 23. Qxe2 Bxe2 24. Kf2 Ba6 25. Rc1 Kxf8 26. Rxc5 Rd2+ 27. Kg3 Rxa2 28. f5 Rb2 29. e4 g5 30. Rc3 f6 31. Kf3 Bb5 32. h4 g4+ 33. Kg3 Bc6 34. Rd3 Bxe4 35. Rd8+ Kf7 36. Rh8 Bxf5 37. Rxh5 Rxb3+ 38. Kf4 Bg6 39. Ra5 Rb4+ 40. Kg3 a6 41. h5 Bh7 42. Kh4 Rb5 43. Ra4 Rg5 44. Rb4 b5 45. Rb2 a5 46. g3 Bg6 47. hxg6+ Kxg6 48. Re2 Re5 49. Rc2 Kf5 50. Rf2+ Ke6 51. Kxg4 b4 52. Ra2 b3 0-1